| 000 | 00928nas a2200301 4500 | ||
|---|---|---|---|
| 001 | BR0707341 | ||
| 003 | BR-BrBNA | ||
| 005 | 20231205111033.0 | ||
| 007 | ta | ||
| 008 | 230509b bl.|||p| |||| 00| 00por d | ||
| 040 |
_aBR-BrBNA _bpor _cBiblioteca Nacional de Agricultura |
||
| 041 | _a(Pt) | ||
| 072 | _aF08; F04 | ||
| 100 | 1 | _aSilva, P.R.F. da | |
| 100 | 1 | _aSilva, A.A. da | |
| 100 | 1 | _aArgenta, G. | |
| 100 | 1 | _aStreider, M.L. | |
| 100 | 1 | _aForsthofer, E.L. | |
| 245 | 1 | _aManejo da ervilhaça comum (Vicia sativa L.)para cultivo do milho em sucessão, sob adubação nitrogenada | |
| 650 | _aERVILHAÇA | ||
| 650 | _aMILHO | ||
| 650 | _aCONSORCIAÇÃO DE CULTURA | ||
| 650 | _aADUBAÇÃO | ||
| 650 | _aNITROGENIO | ||
| 773 | 0 |
_tRevista Brasileira de Milho e Sorgo (Brazil) _xISSN 1676-689X _g(Jan-Apr 2007), v. 6(1) p. 50-59 _wBR0707341 |
|
| 909 |
_a202311 _bLúcia _c55 _dLúcia Elande |
||
| 942 |
_2AGRIS _n0 _cANA |
||
| 999 |
_c190285 _d190285 |
||